مكتبة جامعة عجلون الوطنية

فهرس بحث المكتبة

Normal view MARC view
  • الفساد السياسي -- الولايات المتحدة الأمريكية --أوضاع سياسية -- أوضاع اقتصادية -- أوضاع اجتماعية

Entry Topical Term

Number of records used in: 1

001 - CONTROL NUMBER

  • control field: 10711

003 - CONTROL NUMBER IDENTIFIER

  • control field: JO-AjAnu

005 - DATE AND TIME OF LATEST TRANSACTION

  • control field: 20230606072023.0

008 - FIXED-LENGTH DATA ELEMENTS

  • fixed length control field: 230606|| aca||aabn | a|a d

040 ## - CATALOGING SOURCE

  • Original cataloging agency: JO-AjAnu
  • Transcribing agency: JO-AjAnu

150 ## - HEADING--TOPICAL TERM

  • Topical term or geographic name entry element: الفساد السياسي -- الولايات المتحدة الأمريكية --أوضاع سياسية -- أوضاع اقتصادية -- أوضاع اجتماعية

670 ## - SOURCE DATA FOUND

  • Source citation: Work cat.: (JO-AjAnu)5514: تأليف تاوير ، هأي - ترجمة وتعليق الواكد ، محمد, author 10710, Thieves in High Places : Stolen Our Contry and to Take it Back = لصوص في مناصب مرموقة لقد سرقوا بلدنا وعلينا أن نستعيدة